00449nam a2200121Ia 4500008004100000024004500041082002100086100005900107245007500166260002600241600002700267650003300294260210s9999 xx 000 0 und d a07A-89-EE, 07A-75-EE & 07A-71-EE a621.38456072 MUH aMuhammad Hammad Khan, Asad Imam & Shahnawaz Masood 0aDischarging of Oil Using Marine Loading Arm VIA Wireless Communication aKarachi:bUITU,c2007 aElectronic Engineering aBachelor of Engineering (BE)